| 000 | 00451nam a22001817a 4500 | ||
|---|---|---|---|
| 008 | 131111b xxu||||| |||| 00| 0 ger d | ||
| 020 | _a3952060631 | ||
| 041 | 0 | _ager | |
| 080 |
_a336.7:133.2 _x(035) |
||
| 100 | 1 | _9Egli,René | |
| 245 |
_aDas LOL²A-Prinzip : _cRené Egli |
||
| 250 |
_a12. Auflage _bd'OLT |
||
| 260 | _c1996. | ||
| 300 |
_a94 f. : _c19 cm. |
||
| 650 | 0 | _aFinancat | |
| 650 | 0 | _aParaja | |
| 942 |
_2udc _cBK |
||
| 999 |
_c265 _d265 |
||